00621nam a2200205Ia 450000500170000000800410001702000150005808200130007310000170008610000150010324500680011826000490018630000170023565000110025265000170026365000170028094200060029795200970030399900150040020240605001205.0240331s9999 xx 000 0 und d a1853830038 bDANa304 aDankelman, I aDavidson,J 0aWomen and environment in the third world :balliance for future aLondonbEarthscan Publicatinos Limitedc1988 axiii,210 p., aWomen  aEnvironment  aThird World  cL 001040708LaWERCLbWERCLcSSCd2024-03-31l0o 304.2 DANp1150r2024-03-31w2024-03-31yL c1478d1478